The life-giving church / (Record no. 2139)
[ view plain ]
| 000 -LEADER | |
|---|---|
| fixed length control field | 00758cam a2200241 a 4500 |
| 001 - CONTROL NUMBER | |
| control field | 2142786 |
| 003 - CONTROL NUMBER IDENTIFIER | |
| control field | GBCCL |
| 005 - DATE AND TIME OF LATEST TRANSACTION | |
| control field | 20241126110419.0 |
| 008 - FIXED-LENGTH DATA ELEMENTS--GENERAL INFORMATION | |
| fixed length control field | 980616s1998 caua 000 0 eng |
| 010 ## - | |
| -- | 98027599 |
| 020 ## - INTERNATIONAL STANDARD BOOK NUMBER | |
| International Standard Book Number | 0830721347 (hardcover) |
| 040 ## - CATALOGING SOURCE | |
| Original cataloging agency | DLC |
| Transcribing agency | DLC |
| Modifying agency | DLC |
| 050 00 - | |
| -- | BV652 |
| -- | .H26 1998 |
| 082 00 - DEWEY DECIMAL CLASSIFICATION NUMBER | |
| Classification number | 253 |
| Edition information | 21 |
| Item number | HAG |
| 100 1# - MAIN ENTRY--PERSONAL NAME | |
| Personal name | Haggard, Ted. |
| 9 (RLIN) | 4390 |
| 245 14 - TITLE STATEMENT | |
| Title | The life-giving church / |
| Statement of responsibility, etc. | Ted Haggard. |
| 260 ## - PUBLICATION, DISTRIBUTION, ETC. | |
| Place of publication, distribution, etc. | Ventura, Calif. : |
| Name of publisher, distributor, etc. | Regal Books, |
| Date of publication, distribution, etc. | c1998. |
| 300 ## - PHYSICAL DESCRIPTION | |
| Extent | 269 p. : |
| Other physical details | ill. ; |
| Dimensions | 23 cm. |
| 650 #0 - SUBJECT ADDED ENTRY--TOPICAL TERM | |
| Topical term or geographic name entry element | Church management. |
| 9 (RLIN) | 2876 |
| 906 ## - LOCAL DATA ELEMENT F, LDF (RLIN) | |
| a | 7 |
| b | cbc |
| c | orignew |
| d | 1 |
| e | ocip |
| f | 19 |
| g | y-gencatlg |
| 942 ## - ADDED ENTRY ELEMENTS (KOHA) | |
| Source of classification or shelving scheme | Dewey Decimal Classification |
| Koha item type | Books |
| Koha issues (borrowed), all copies | 4 |
| Withdrawn status | Lost status | Source of classification or shelving scheme | Damaged status | Not for loan | Home library | Current Library | Shelving location | Date acquired | Total checkouts | Full call number | Barcode | Date last seen | Copy number | Price effective from | Koha item type | Date last checked out | Total renewals |
|---|---|---|---|---|---|---|---|---|---|---|---|---|---|---|---|---|---|
| Dewey Decimal Classification | GRACE BIBLE COLLEGE | GRACE BIBLE COLLEGE | Ministry & Mission | 2017-07-06 | 253 HAG | 011346 | 2025-05-01 | c.2 | 2017-07-06 | Books | |||||||
| Dewey Decimal Classification | GRACE BIBLE COLLEGE | GRACE BIBLE COLLEGE | Ministry & Mission | 2017-07-06 | 253 HAG | 011347 | 2025-05-01 | c.3 | 2017-07-06 | Books | |||||||
| Dewey Decimal Classification | GRACE BIBLE COLLEGE | GRACE BIBLE COLLEGE | Ministry & Mission | 2017-07-06 | 253 HAG | 011348 | 2025-05-01 | c.4 | 2017-07-06 | Books | |||||||
| Dewey Decimal Classification | GRACE BIBLE COLLEGE | GRACE BIBLE COLLEGE | Ministry & Mission | 2017-07-06 | 253 HAG | 011349 | 2025-05-01 | c.5 | 2017-07-06 | Books | |||||||
| Dewey Decimal Classification | GRACE BIBLE COLLEGE | GRACE BIBLE COLLEGE | Ministry & Mission | 2017-07-06 | 1 | 253 HAG | 011350 | 2025-05-01 | c.6 | 2017-07-06 | Books | 2018-03-16 | |||||
| Dewey Decimal Classification | GRACE BIBLE COLLEGE | GRACE BIBLE COLLEGE | Ministry & Mission | 2017-09-06 | 253 HAG | 011345 | 2025-05-01 | c.1 | 2017-09-06 | Books | |||||||
| Dewey Decimal Classification | GRACE BIBLE COLLEGE | GRACE BIBLE COLLEGE | Ministry & Mission | 2017-09-06 | 1 | 253 HAG | 011354 | 2025-05-01 | c.10 | 2017-09-06 | Books | 2024-03-01 | |||||
| Dewey Decimal Classification | GRACE BIBLE COLLEGE | GRACE BIBLE COLLEGE | Ministry & Mission | 2017-09-06 | 253 HAG | 011351 | 2025-05-01 | c.7 | 2017-09-06 | Books | |||||||
| Dewey Decimal Classification | GRACE BIBLE COLLEGE | GRACE BIBLE COLLEGE | Ministry & Mission | 2017-09-06 | 253 HAG | 011352 | 2025-05-01 | c.8 | 2017-09-06 | Books | |||||||
| Dewey Decimal Classification | GRACE BIBLE COLLEGE | GRACE BIBLE COLLEGE | Ministry & Mission | 2017-09-06 | 2 | 253 HAG | 011353 | 2025-05-01 | c.9 | 2017-09-06 | Books | 2023-09-02 | 1 |